Revista española de economía (Registro nro. 25215)
[ vista simple ]
| 000 -CABECERA | |
|---|---|
| Longitud fija campo de control | 01186nas a2200349 c 4500 |
| 001 - NÚMERO DE CONTROL | |
| Número de control | 25215 |
| 003 - IDENTIFICADOR DE NÚMERO DE CONTROL | |
| Identificador del número de control | ES-MaCES |
| 005 - FECHA Y HORA DE LA ÚLTIMA TRANSACCIÓN | |
| Fecha y hora de la última transacción | 20160415200833.0 |
| 008 - CAMPO FIJO DE DESCRIPCIÓN FIJA--INFORMACIÓN GENERAL | |
| Códigos de información de longitud fija | 931207d1900 sp f| | |spa d |
| 022 1# - ISSN (INTERNATIONAL STANDARD SERIAL NUMBER) | |
| Número Internacional Normalizado para Publicaciones Seriadas | 0210-1025 |
| 035 ## - NÚMERO DE CONTROL DEL SISTEMA | |
| Número de control del sistema | CES19980001955p |
| Número de control cancelado;no válido | 10199 |
| 040 ## - FUENTE DE CATALOGACIÓN | |
| Centro catalogador de origen | ES-MaCES |
| Lengua de catalogación | spa |
| Centro transcriptor | ES-MaCES |
| 041 0# - CÓDIGO DE IDIOMA | |
| Código de lengua del texto;banda sonora o título independiente | spa |
| -- | eng |
| 245 00 - MENCIÓN DE TÍTULO | |
| Título | Revista española de economía |
| 260 ## - PUBLICACIÓN, DISTRIBUCIÓN, ETC (PIE DE IMPRENTA) | |
| Lugar de publicación, distribución, etc. | [Madrid (Cardenal H. Oria, 378, 28035)] |
| Nombre del editor, distribuidor, etc. | Instituto de Estudios Fiscales : Madrid (Plaza del Campillo del Mundo Nuevo, 3, 28005) Ministerio de Economía y Hacienda [distribuidor] |
| 300 ## - DESCRIPCIÓN FÍSICA | |
| Extensión | v. |
| Dimensiones | 23 cm |
| 310 ## - PERIODICIDAD ACTUAL DE LA PUBLICACIÓN | |
| Periodicidad actual | Semestral |
| 500 ## - NOTA GENERAL | |
| Nota general | Descripción basada en: 2ª época, v. 10, 1993, n. 1 |
| 500 ## - NOTA GENERAL | |
| Nota general | Textos en español e inglés |
| 500 ## - NOTA GENERAL | |
| Nota general | Tít. tomado de la cub |
| 541 ## - NOTA DE LA FUENTE INMEDIANTE DE ADQUISICIÓN | |
| Forma de adquisición | Compra |
| 592 ## - CES. NOTA ESTADO DE LA PUBLICACIÓN | |
| Estado publicación | Cerrada |
| 650 #4 - ASIENTO SECUNDARIO DE MATERIA--TÉRMINO DE MATERIA | |
| Término de materia o nombre geográfico como elemento inicial | economía |
| 9 (RLIN) | 26781 |
| 653 10 - TÉRMINO DE INDEXACIÓN--NO CONTROLADO | |
| Término no controlado | Economía |
| 710 2# - ENCABEZAMIENTO SECUNDARIO--NOMBRE CORPORATIVO | |
| Nombre de entidad o nombre de jurisdicción como elemento inicial | Instituto de Estudios Fiscales (Madrid) |
| 9 (RLIN) | 4158 |
| 866 #0 - FUENTES TEXTUALES--UNIDAD BIBLIOGRÁFICA BÁSICA | |
| Holdings textuales | 1993-1995. |
| Nota pública | Ubicación: DEPÓSITO - 10199 |
| 867 #0 - FUENTES TEXTUALES--MATERIAL SUPLEMENTARIO | |
| Holdings textuales | res. de art.: 1994-1995. |
| Nota pública | Ubicación: DEPÓSITO - 10199 |
| 868 #0 - FUENTES TEXTUALES--ÍNDICES | |
| Holdings textuales | índice: 1993-1995. |
| 905 ## - CES. DATOS REVISTA | |
| Proceso | + |
| 942 ## - ELEMENTOS KOHA | |
| Fuente de clasificaión o esquema | Clasificación propia del CES |
| Koha [por defecto] tipo de item | Periódicas |
| Parte de clasificación | 0.0. |
| Número de registro | Signatura completa | Tipo de item de Koha |
|---|---|---|
| 000392 | 10199 | Periódicas |
| 003453 | 10199 | Periódicas |
| 001688 | 10199 | Periódicas |
| 003454 | 10199 | Periódicas |
| 003455 | 10199 | Periódicas |
| 003456 | 10199 | Periódicas |
| 006426 | 10199 | Periódicas |
| 010032 | 10199 | Periódicas |
| 012298 | 10199 | Periódicas |
| 011381 | 10199 | Periódicas |
| 013326 | 10199 | Periódicas |
| 014337 | 10199 | Periódicas |
| 015223 | 10199 | Periódicas |
